000 00494nam a22001817a 4500
003 BUBTL
008 210308b xxu||||| |||| 00| 0 eng d
082 _a346.04/HOL
100 _aHossain, Md. Altaf
_94015
245 _aLaws of International Property
_bMd. Altaf Hossain
250 _a3rd
260 _aDhaka
_bBangladesh Law Book Company
_cc2011
300 _a444p . :
_b21cm.
650 _aLaw
_94016
856 _k0
_l0
_yDownload
942 _2ddc
_cBK
999 _c6475
_d6475